| 000 | 00771nam a2200265 a 4500 | ||
|---|---|---|---|
| 999 |
_c7788 _d7788 |
||
| 001 | 9427 | ||
| 003 | BD-DhUAP | ||
| 005 | 20210201144714.0 | ||
| 008 | 210201s1998 enk b 001 0 eng d | ||
| 010 | _a 98018235 | ||
| 020 | _a0198252617 (hardcover : alk. paper) | ||
| 020 | _a0198252625 (pbk.) | ||
| 040 |
_aDLC _cDLC _dBD-DhUAP _beng |
||
| 082 | 0 | 0 |
_a346.4102 BEA _223 |
| 100 | _aBeatson, J. | ||
| 245 | 1 | 0 |
_aAnson's law of contract / _cJ. Beatson. |
| 250 | _a27th ed. | ||
| 260 |
_aOxford : _bOxford University Press, _cc1998. |
||
| 300 |
_acxviii, 682 pages ; _c26 cm. |
||
| 504 | _aIncludes bibliographical references and index. | ||
| 650 | 0 |
_aContracts _zGreat Britain. |
|
| 650 | 0 |
_aAgency (Law) _zGreat Britain. |
|
| 942 | 0 | 0 |
_2ddc _cBK |